| 000 | 00656cam a22002291 4500 | ||
|---|---|---|---|
| 001 | agr48000535 | ||
| 003 | DLC | ||
| 005 | 20260227111010.0 | ||
| 008 | 750505s1948 cauac 000 0 eng | ||
| 010 | _aagr48000535 | ||
| 035 | _a(OCoLC)1313141 | ||
| 040 |
_aDLC _cNmLcU _dOCoLC _dDLC |
||
| 042 | _apremarc | ||
| 050 | 0 | 0 |
_aSF287 _b.O7 |
| 082 | _a636.10886 | ||
| 100 | 1 |
_aOrtega, Luis Birabent, _d1897- |
|
| 245 | 1 | 0 |
_aCalifornia hackamore, _b(la jaquima). An authentic story of the use of the hackamore. |
| 260 |
_a[Walnut Creek? Calif., _c1948] |
||
| 300 |
_a133 p. _billus., port. _c22 cm. |
||
| 650 | 0 | _aHackamores. | |
| 650 | 0 |
_aHorses _xTraining. |
|
| 999 |
_c10918 _d10918 |
||